MDQL
is popping MORE tags! Check the
thread
!
Quizzes
Events
Quiz Creation
Community
Videos
Private Events
Remove Ads
Sign In
Join for FREE
Feedback
Dark Mode
Quiz Categories
Sports
Geography
Music
Movies
Television
Just For Fun
Miscellaneous
History
Literature
Language
Science
Gaming
Entertainment
Religion
Holiday
For Kids
Quiz Lab
Recent
Popular Today
Quiz Kudos Today
Editor Picks
Curator Picks
Quizzes by...
Day
Popularity
Type
Ratings
Length
Year
Community
Subscriptions
Recent Discussions
Orange Saloon
Badges
Playlists
Quests
Create
Leaderboards
Showdown
Live 5
Trivia Bingo
Activity
Puzzle Library
Sporcle Events
Private Events
Virtual Trivia
Globe League
Become a Host
Pub Owners
SporcleCon
Opinionation
Our Games
Videos
Blog
Mobile Apps
Partnerships
Remove Ads and Go Orange
Feedback
Movies
Disney
Marvel Cinematic Universe
Movie Resume
Movie Titles
Oscar
Actor
Actress
Director
Pixar
Role
Movie Quotes
Movie Characters
Box Office
Nominee
Best Picture
Star Wars
James Bond
Horror Movies
Movies
Disney
Marvel Cinematic Universe
Movie Resume
Movie Titles
Oscar
Actor
Actress
Director
Pixar
Role
Movie Quotes
Movie Characters
Box Office
Nominee
Best Picture
Star Wars
James Bond
Horror Movies
Random Quiz
Search Sporcle
×
Quiz Lab
Quiz Lab
Movies
Teacher
Type in answers that appear in a list
Type in answers that appear in a list
Classic
Best Score? Go Orange.
Inspirational Teacher Movies Stats
Can you name the films about inspirational teachers?
By
Tats
6m
20 Questions
205 Plays
205 Plays
205 Plays
Comments
Comments
Give Quiz Kudos
Give Quiz Kudos
-
- Ratings
hide this ad
Replay
Link that replays current quiz
Next Quiz
Link to next quiz in quiz playlist
You Got
0%
They Got
Avg Score
35%
Avg Friend Score
Upgrade to see
Score Distribution
Jump to the score distribution portion of the page
Score
0/20
Timer
06:00
0
Plays Today
Year
Film
% Correct
1989
Dead Poets Society
80.9%
1995
Mr. Holland's Opus
66.7%
1995
Dangerous Minds
57.8%
1984
The Karate Kid
54.4%
1988
Stand and Deliver
50.5%
2007
Freedom Writers
49%
2000
Finding Forrester
45.1%
1967
To Sir, With Love
39.7%
1989
Lean on Me
36.8%
1993
Sister Act 2: Back in the Habit
30.4%
Year
Film
% Correct
1999
Music of the Heart
28.9%
1939
Goodbye, Mr. Chips
27.9%
1996
High School High
26.5%
2008
Hamlet 2
23.5%
1955
Blackboard Jungle
22.1%
1994
Renaissance Man
19.6%
2002
The Emperor's Club
17.2%
2006
Take the Lead
12.7%
2003
School of Rock
9.8%
1997
Summer School
1.5%
Quiz Playlist
Details
Report
Send in Message
Add To Playlist
Classic:
Type in answers that appear in a list
Last Updated: Feb 16, 2017
Quiz Scoreboard
CHALLENGE
Sign Up to Join the Scoreboard
Show All
Scores
Hide
Comments
May contain spoilers
Recently Published
Image Sorting: Flags VI
by Barbecue
Geography
2m
Find the 'City' Movie
by crazypaving
Movies
60s
Colored Red Africa Blitz
by spor1
Geography
45s
More to Explore
Quiz From the Vault
Featured Blog Post
14 Easter Pick-up Lines to Find Eggs With
hide this ad
You Might Also Like...
Tags
Teacher
Today's Top Quizzes in Movies
Browse Movies
hide this ad
Today's Top Quizzes in Teacher
Browse Teacher
Top Contributed Quizzes in Movies
1
Find The 'Big' Movie
2
Find The 'Blue' Movie
3
Find The 'Wild' Movie
4
Movies By Plot
5
The ultimate James Bond movie quiz
6
Hidden Star Wars Character II
7
Pick 5 Posters: Directed by Spielberg
8
Hidden Star Wars Character III
9
Hidden Star Wars Character IV
10
25 Best Actor Nominees (1990s)
Explore More
Trending Topics
Kpop
Crossword
Disney
NBA
Anime
Harry Potter
Marvel
Song
Soccer
The Office
Puzzle
WWE
Country
NFL
Pokémon
hide this ad
More By:
Tats
Quiz
Plays
Rating
Category
Featured
Created
One Name Singers (A-Z)
140,906
2.75
Music
Jan 14, 2010
Celebrity by Scandal
129,761
3.86
Entertainment
Aug 13, 2010
American Idol Judges
55,950
4.04
Television
Nov 17, 2010
Celebrity Authors by Books
51,135
3.61
Literature
Oct 6, 2009
Actors in TV & Film II
20,657
4.35
Entertainment
Nov 1, 2009
Go to Creator's Profile
Score Distribution
Quiz Creator Spotlight
Tats
Follow
Send a Message
Quizzes Created
-
Created Quiz Play Count
-
More By This Creator
Popular Quizzes Today
1
Colored Red Africa Blitz
2
Find the US States - No Outlines Minefield
3
Find the 'City' Movie
4
5x2 Blitz: Bands
5
The Countries of the World
6
Find the US States
7
Find the Countries of Europe - No Outlines Minefield
8
US States
More Movies Quizzes
George Clooney Characters by Description
Published
Trending Quizzes
Colored Red Europe Blitz I
Colored Red Europe Blitz II
Colored Red Africa Blitz II
Colored Red Europe Blitz III
Colored Red Africa Blitz III
Recently Updated
How Do You Spell That?
pecheneg
Godzilla Movies
pecheneg
Grab Bag: 4-10 Letters
pecheneg
2024 March Madness Bracket
pecheneg
Famous TV Couples
Peacemaker
Champions League XIs: Real Madrid
pecheneg
Largest US Cities 1790-2010
pecheneg
Rides in Walt Disney World
pecheneg
Most Oscar Losses (Acting)
pecheneg
Beyoncé Albums
pecheneg
Trending Topics
Marvel
Kpop
Anime
Disney
Harry Potter
Crossword
NBA
Pokémon
The Office
WWE
NFL
Country
Puzzle
Song
Soccer
Your Account Isn't Verified!
In order to create a playlist on Sporcle, you need to verify the email address you used during registration. Go to your
Sporcle Settings
to finish the process.
Report this User
Report this user for behavior that violates our
Community Guidelines
.
Details:
Send Report
Go to the Sporcle.com Mobile Site →
Comments